Threads primer : a guide to solaris multithreaded programming

Αποθηκεύτηκε σε:
Λεπτομέρειες βιβλιογραφικής εγγραφής
Κύριος συγγραφέας: Lewis, Bil
Άλλοι συγγραφείς: Berg, Daniel J.
Μορφή: Βιβλίο
Γλώσσα:English
Δημοσίευση: Mountain view, Calif. : Sunsoft press, c1996
Θέματα:
Ετικέτες: Προσθήκη ετικέτας
Δεν υπάρχουν, Καταχωρήστε ετικέτα πρώτοι!

MARC

LEADER 00000nam a2200000 i 4500
001 1/97302
008 000111s1996 eng d
020 |a 0134436989 
035 |l 10056085 
040 |a GR-MY-UA  |b gre  |e aacr 
041 0 |a eng 
082 0 |a 005.27 
100 1 |a Lewis, Bil. 
245 1 0 |a Threads primer :  |b a guide to solaris multithreaded programming /  |c Bil Lewis, Daniel J. Berg 
260 |a Mountain view, Calif. :   |b Sunsoft press,   |c c1996 
300 |a xxvi, 319 p.;  |b ill.;  |c 24 cm. 
504 |a Includes bibliographical references and index 
630 0 0 |a UNIX (Computer file) 
650 0 0 |a Threads (Computer programs) 
650 0 0 |a POSIX (Computer software standard) 
700 1 |a Berg, Daniel J. 
852 |a INST  |b SAMOS  |e 20000111  |h 005.27 LEW  |p 005300016123  |q 005300016123  |t BK  |y 0 
901 |a BIBL3-2000-1 
909 |a Σ  |b 071375 
922 |a 3ΕΛΗ  |b 199912  |c ΤΠΕΣ  |d ΠΑΠΑΣΩΤΗΡΙΟΥ 
970 |a ΓΕΝΟΥΖΟΥ  |b ΧΡΥΣΑΝΘΗ  |z 2000/01/11